Economic reform and democracy / (Record no. 110406)

MARC details
000 -LEADER
campo de control de longitud fija 00545nam a2200181 4500
001 - NÚMERO DE CONTROL
campo de control 4796
005 - FECHA Y HORA DE LA ÚLTIMA TRANSACCIÓN
campo de control 20230411085959.0
008 - DATOS DE LONGITUD FIJA--INFORMACIÓN GENERAL
campo de control de longitud fija 060907n1995 dr spa
020 ## - NÚMERO INTERNACIONAL ESTÁNDAR DEL LIBRO
Número Internacional Estándar del Libro 0801852560
035 ## - NÚMERO DE CONTROL DEL SISTEMA
-- funglode4835
041 ## - CÓDIGO DE IDIOMA
Código de lengua del texto/banda sonora o título independiente EN
245 0# - MENCIÓN DEL TÍTULO
Título Economic reform and democracy /
Mención de responsabilidad, etc. edited by Larry Diamond and Marc F. Plattner
260 ## - PUBLICACIÓN, DISTRIBUCIÓN, ETC.
Lugar de publicación, distribución, etc. Baltimore :
Nombre del editor, distribuidor, etc. Johns Hopkins University Press,
Fecha de publicación, distribución, etc. 1995
300 ## - DESCRIPCIÓN FÍSICA
Extensión xxii, 252 p.
440 #2 - MENCIÓN DE SERIE/PUNTO DE ACCESO ADICIONAL--TÍTULO
Título A journal of democracy book
700 ## - ENTRADA AGREGADA--NOMBRE PERSONAL
Nombre de persona Diamond, Larry \ Plattner, Marc F
942 ## - ELEMENTOS DE ENTRADA SECUNDARIOS (KOHA)
Fuente del sistema de clasificación o colocación Clasificación de Library of Congress
Tipo de ítem Koha
Holdings
Estatus retirado Estado de pérdida Fuente del sistema de clasificación o colocación Estado de daño No para préstamo Colección Biblioteca de origen Biblioteca actual Ubicación en estantería Fecha de adquisición Código de barras Visto por última vez Copia número Tipo de ítem Koha
    Clasificación de Library of Congress     Automatización y Procesos Técnicos Biblioteca Juan Bosch Biblioteca Juan Bosch Automatización y Procesos Técnicos (1er. Piso) 17/02/2019 00000014351 17/02/2019 1